000
00258nam a2200097Ia 4500
008
230508s2002 xx 000 0 und d
041
_a
eng
100
_a
GLANVILL &DENTON
245
_a
INJECTION-MOULD DESIGN FUNDAMENTALS
260
_b
INDUSTRIAL PRESS LTD
_c
2002
999
_c
339769
_d
339769